00658nam a2200217 i 450000100060000000300090000600500170001500700030003200800410003502000180007611000130009424000280010724501180013525000120025326000320026530000220029750000130031970000470033274000290037985200320040860077ES-MaACL20250827062608.0t|031103s1986 sp ||||1| spa d a84-7398-442-01 aEspaña10aLeyes, etc. de comercio10aCódigo de legislación hipotecaria y del registro mercantil / cJosé Manuel García García [recopilador]. a1ª ed. aMadrid : bCivitas, c1986. a987 p. ; c25 cm. aIndices.1 aGarcía García, José Manuel (d1942-)0 aLeyes, etc. de comercio. aES-MaACLjB-4746 bR.114158